Statistics for -Ness Vocabulary Words

Click here to take the quiz!

General Stats

  • This quiz has been taken 122 times
  • The average score is 9 of 20

Answer Stats

DefinitionWord% Correct
gives evidence at trialswitness
91%
a prince's titlehighness
83%
sadness at having no friends or companyloneliness
82%
joy, delight, pleasurehappiness
78%
restraining straps fitted to horses
or young children
harness
77%
disease, sicknessillness
76%
similaritylikeness
65%
female teacher in a private householdgoverness
57%
the Pope's titleholiness
52%
refusal to budge or yieldstubbornness
41%
ceasing anger or resentment
at another's mistake
forgiveness
40%
being crazedmadness
36%
introversionshyness
36%
desire to be ahead of otherscompetitiveness
24%
exhaustion, fatigued tirednessweariness
24%
happens on cloudless nightsdarkness
23%
enthusiasmeagerness
20%
reasonablenessfairness
9%
ability to get things doneeffectiveness
7%
confident aggressionassertiveness
4%

Score Distribution

Percentile by Number Answered

Percent of People with Each Score

Your Score History

You have not taken this quiz